00321 a2200133 4500000002500000100001100025110001100036245007300047250001900120260001100139264001100150942000700161999001900168 nam a22 7a 4500 aUNICEF aUNICEF aThe state of the World's Childern 2016:a fair chance for every child alatest edition bUNICEF bUNICEF cBK c393329d393329